Documento firmado por el Virrey Don Juan Ruíz de Apodaca (Record no. 4628)
[ view plain ]
| 000 -CABECERA | |
|---|---|
| campo de control de longitud fija | 01311nam a2200277 a 4500 |
| 001 - NÚMERO DE CONTROL | |
| campo de control | BRCA_4934 |
| 005 - FECHA Y HORA DE LA ÚLTIMA TRANSACCIÓN | |
| campo de control | 20190320204851.0 |
| 008 - DATOS DE LONGITUD FIJA--INFORMACIÓN GENERAL | |
| campo de control de longitud fija | 211010s1820----mx-#######---#000-0#spa-# |
| 041 ## - CÓDIGO DE LENGUA | |
| Código de lengua del texto/banda sonora o título independiente | spa |
| 044 ## - CÓDIGO DEL PAÍS DE LA ENTIDAD EDITORA/PRODUCTORA | |
| Código MARC del país | mx |
| 084 ## - OTRO NÚMERO DE CLASIFICACIÓN | |
| Número de clasificación | DOC24 |
| Número de documento/Ítem | .R85 |
| -- | 1820 |
| 100 1# - ENTRADA PRINCIPAL--NOMBRE DE PERSONA | |
| Nombre de persona | Ruíz de Apodaca, Juan, |
| Títulos y otros términos asociados al nombre | Conde del Venadito, |
| Fechas asociadas al nombre | 1754-1835 |
| 9 (RLIN) | 12525 |
| 245 10 - MENCIÓN DE TÍTULO | |
| Título | Documento firmado por el Virrey Don Juan Ruíz de Apodaca |
| Mención de responsabilidad, etc. | Juan Ruíz de Apodaca. |
| 260 ## - PUBLICACIÓN, DISTRIBUCIÓN, ETC. | |
| Lugar de publicación, distribución, etc. | México |
| Fecha de publicación, distribución, etc. | 1820 |
| 300 ## - DESCRIPCIÓN FÍSICA | |
| Extensión | [4] fojas |
| Dimensiones | 21 x 15 cm. |
| 500 ## - NOTA GENERAL | |
| Nota general | Documento firmado el 30 de octubre de 1820. |
| 500 ## - NOTA GENERAL | |
| Nota general | Documento firmado por el Conde de Venadito, dirigido al señor Contador encargado de la administración de la Aduana de México, informándole sobre la forma en que deben hacerse los pagos de los efectos mercantiles que se introduzcan en dicha Aduana. |
| 500 ## - NOTA GENERAL | |
| Nota general | El documento contiene la leyenda DOC. #33. |
| 500 ## - NOTA GENERAL | |
| Nota general | Estado de conservación: contiene acidez en gran parte del documento. |
| 506 0# - NOTA DE RESTRICCIONES AL ACCESO | |
| Limitaciones de acceso | Fondo Reservado. Para su consulta es necesario credencial de usuario y carta de motivos. |
| 546 ## - NOTA DE LENGUA/LENGUAJE | |
| Nota de lengua/lenguaje | Texto en: español de principios del siglo XIX. |
| 600 14 - PUNTO DE ACCESO ADICIONAL DE MATERIA--NOMBRE DE PERSONA | |
| Nombre de persona | Ruíz de Apodaca, Juan, |
| Títulos y otros términos asociados al nombre | Conde del Venadito |
| Fechas asociadas al nombre | 1754-1835 |
| Subdivisión general | Historia |
| 9 (RLIN) | 12526 |
| 651 #4 - PUNTO DE ACCESO ADICIONAL DE MATERIA--NOMBRE GEOGRÁFICO | |
| Nombre geográfico | México |
| Subdivisión general | Historia |
| Subdivisión cronológica | Colonia, 1521-1821 |
| 9 (RLIN) | 12461 |
| 902 ## - CATALOGADOR | |
| Iniciales | FDH |
| 942 ## - ELEMENTOS DE PUNTO DE ACCESO ADICIONAL (KOHA) | |
| Fuente del sistema de clasificación o colocación | Library of Congress Classification |
| Tipo de ítem Koha | Documentos |
| Estado de retiro | Estado de pérdida | Estado dañado | No para préstamo | Localización permanente | Ubicación/localización actual | Fecha de adquisición | Total de préstamos | Signatura topográfica completa | Código de barras | Fecha visto por última vez | Precio válido a partir de | Tipo de ítem Koha |
|---|---|---|---|---|---|---|---|---|---|---|---|---|
| El ejemplar forma parte de la colección y puede ser consultado según las políticas vigentes. | Biblioteca del Museo Franz Mayer (Rogerio Casas-Alatriste) | Biblioteca del Museo Franz Mayer (Rogerio Casas-Alatriste) | 21/10/2010 | DOC24 .R85 1820 | 4995 | 22/03/2019 | 22/03/2019 | Documentos |